Gynecologic Oncology Simplified A Practical Approach/ (Record no. 211518)
[ view plain ]
| 000 -LEADER | |
|---|---|
| fixed length control field | 00667nam a22001937a 4500 |
| 005 - DATE AND TIME OF LATEST TRANSACTION | |
| control field | 20250603102626.0 |
| 010 ## - LCCN (DPL NO) | |
| LC control number | ENG-145132 |
| 020 ## - INTERNATIONAL STANDARD BOOK NUMBER | |
| International Standard Book Number | 9789381496169 |
| Terms of availability | 575.00 |
| 035 ## - SYSTEM CONTROL NUMBER | |
| System control number | EN-128664 |
| 037 ## - SOURCE OF ACQUISITION | |
| Source of stock number/acquisition | DBAD |
| 082 ## - DEWEY DECIMAL CLASSIFICATION NUMBER | |
| Classification number | 618.1 |
| Edition number | 1 |
| 100 ## - MAIN ENTRY--PERSONAL NAME | |
| Personal name | Chavan, Niranjan |
| 245 ## - TITLE STATEMENT | |
| Title | Gynecologic Oncology Simplified A Practical Approach/ |
| Statement of responsibility, etc | Niranjan Chavan [and] Sachin Ajmera |
| 260 ## - PUBLICATION, DISTRIBUTION, ETC. (IMPRINT) | |
| Place of publication, distribution, etc | Mumbai |
| Name of publisher, distributor, etc | Bhalani Publishing House |
| Date of publication, distribution, etc | 2013 |
| 270 ## - ADDRESS | |
| Address | Bhalani Publishing House, 11 Mavawala Building Opp. K.E.M. Hospital Parel |
| City | Mumbai |
| Postal code | 400012 |
| 300 ## - PHYSICAL DESCRIPTION | |
| Extent | 242p. |
| Dimensions | 24cm(pb) |
| 700 ## - ADDED ENTRY--PERSONAL NAME | |
| Personal name | Ajmera, Sachin |
| Relator term | Author |
| 9 (RLIN) | 81561 |
| 942 ## - ADDED ENTRY ELEMENTS (KOHA) | |
| Source of classification or shelving scheme | Dewey Decimal Classification |
| Item type | English Books |
| Classification part | 618.1 |
| Call number suffix | CHA |
| Withdrawn status | Lost status | Not for loan | Collection code | Home library | Current library | Date acquired | Source of acquisition | Cost, normal purchase price | Full call number | Barcode | Copy number | Cost, replacement price | Koha item type |
|---|---|---|---|---|---|---|---|---|---|---|---|---|---|
| Non-fiction | New Police Line | New Police Line | 03/06/2025 | Delivery of Books Act Division | 575.00 | 618.1 CHA | EN-128664 | 1 | 575.00 | English Books |
